000
00271nam a22001217a 4500
008
181106b xxu||||| |||| 00| 0 eng d
041
_a
eng
080
_a
321
100
_a
21
101
_a
POL
245
_a
The Basic Political Writing
_c
Cress.D.A
942
_2
udc
_c
BK
999
_c
51957
_d
51957